| 000 | 00377nam a2200145Ia 4500 | ||
|---|---|---|---|
| 008 | 230312s9999||||xx |||||||||||||| ||und|| | ||
| 020 | _a81-317-1390-7 | ||
| 082 |
_a621.382 _bKUM-E |
||
| 100 | _aKumar;K.S.Suresh | ||
| 245 | 0 | _aElectric Circuits and Networks | |
| 260 |
_bPearson _aIndia _c2015 |
||
| 300 | _a809 | ||
| 650 |
_aEngineering _vElectrical Engineering |
||
| 942 | _cBK | ||
| 999 |
_c10474 _d10474 |
||